[Event "Tournoi Skype 030B"]
[Site "Skype"]
[Date "????.??.??"]
[Round "6.11"]
[White "Barrera Mendoza, Carlos"]
[Black "Resende, Paulo"]
[Result "0-1"]
[WhiteElo "1166"]
[BlackElo "1000"]
[PlyCount "100"]

1. e4 e5 2. Nf3 Nc6 3. Nc3 Nf6 4. Bb5 d6 5. d4 exd4 6. Nxd4 Bd7 7. O-O Be7 8.
Re1 O-O 9. h3 h6 10. Bf4 Ne5 11. a4 a6 12. Bf1 Re8 13. Re3 Bf8 14. Re1 Nc6 15.
Nf3 Ne5 16. Nxe5 dxe5 17. Be3 Bc6 18. Bd3 Bb4 19. Qf3 Nd7 20. Bc4 Qf6 21. Qxf6
Nxf6 22. f3 Rad8 23. Bb3 Nd7 24. Red1 Bc5 25. Bxc5 Nxc5 26. Bc4 Rxd1+ 27. Rxd1
Nxa4 28. Nxa4 Bxa4 29. b3 Bc6 30. Kf2 Kf8 31. Ke3 f6 32. Kf2 Ke7 33. Kg3 Rd8
34. Rxd8 Kxd8 35. Kg4 Bd7+ 36. Kh5 Be8+ 37. Kg4 Ke7 38. Bd5 c6 39. Bc4 Bf7 40.
Bxf7 Kxf7 41. Kf5 a5 42. f4 exf4 43. Kxf4 Ke6 44. g4 b5 45. h4 a4 46. g5 fxg5+
47. hxg5 hxg5+ 48. Kxg5 Ke5 49. Kg6 axb3 50. Kxg7 b2 0-1

[Event "Tournoi Skype 030B"]
[Site "Skype"]
[Date "????.??.??"]
[Round "6.12"]
[White "Gomez Zuluaga, Jorge Adiel"]
[Black "Castanha, Marco"]
[Result "0-1"]
[WhiteElo "1079"]
[BlackElo "1000"]
[PlyCount "64"]

1. e4 c5 2. Nf3 d6 3. Bb5+ Nd7 4. Bxd7+ Bxd7 5. O-O Nf6 6. d3 e5 7. Nbd2 Be7 8.
h3 O-O 9. Nh2 Bc6 10. f4 h6 11. f5 d5 12. Qf3 dxe4 13. Nxe4 Nxe4 14. Bxh6 gxh6
15. c3 Nd2 16. Qg4+ Kh7 17. Rf2 Rg8 18. Qh5 Qxd3 19. Qxf7+ Rg7 20. Qe6 Qxh3 21.
Rxd2 Rxg2+ 22. Kf1 Rxd2+ 23. Ke1 Rxh2 24. Qxe7+ Kg8 25. Qe6+ Kf8 26. Qf6+ Kg8
27. Qe6+ Kf8 28. Qf6+ Ke8 29. Qxe5+ Kd7 30. Rd1+ Kc8 31. Rd2 Rh1+ 32. Ke2 Qf3#
0-1

[Event "Tournoi Skype 030B"]
[Site "Skype"]
[Date "????.??.??"]
[Round "6.14"]
[White "De Nobrega, George"]
[Black "Franco, Yolima"]
[Result "1/2-1/2"]
[WhiteElo "1166"]
[BlackElo "1495"]
[PlyCount "62"]

1. e4 c5 2. Nf3 Nc6 3. d4 cxd4 4. Nxd4 Nf6 5. Nxc6 bxc6 6. Nc3 g6 7. Bc4 Bg7 8.
O-O O-O 9. Bg5 Rb8 10. Rb1 Qc7 11. h3 Rd8 12. Re1 d5 13. exd5 cxd5 14. Bb3 d4
15. Ne4 Nd5 16. Qd2 Bb7 17. Bh4 Nf4 18. Bg3 e5 19. Bxf4 exf4 20. Ng5 Rd7 21. f3
Qc5 22. Ne4 Bxe4 23. Rxe4 d3+ 24. Kh2 Rbd8 25. Rc4 Qe3 26. Qxe3 fxe3 27. cxd3
Rxd3 28. Re4 Bd4 29. Rd1 Bb6 30. Rxd3 Rxd3 31. Bc4 Rd2 1/2-1/2

[Event "Tournoi Skype 030B"]
[Site "Skype"]
[Date "????.??.??"]
[Round "6.15"]
[White "Franca, Adilson Mendes"]
[Black "Farfallini, Michel"]
[Result "1-0"]
[WhiteElo "1147"]
[BlackElo "1446"]
[PlyCount "67"]

1. e4 e5 2. Nf3 Nc6 3. Bc4 Be7 4. c3 Nf6 5. d3 d5 6. exd5 Nxd5 7. O-O Be6 8.
Bb5 Qd6 9. Bg5 f6 10. Bh4 O-O-O 11. Bg3 Qc5 12. Qa4 Nb6 13. b4 Nxa4 14. bxc5
Nxc5 15. Bxc6 bxc6 16. d4 exd4 17. cxd4 Nb7 18. Nc3 a6 19. Rfe1 c5 20. Rxe6
cxd4 21. Rxe7 dxc3 22. Bxc7 Rhe8 23. Bxd8 Kxd8 24. Rxb7 c2 25. Kf1 Kc8 26. Rxg7
Rd8 27. Ke2 Re8+ 28. Kd2 Rd8+ 29. Kxc2 h5 30. Rd1 Rxd1 31. Kxd1 Kd8 32. a4 Ke8
33. a5 Kf8 34. Ra7 1-0

[Event "Tournoi Skype 030B"]
[Site "Skype"]
[Date "????.??.??"]
[Round "6.17"]
[White "Ponz Lazaro, Ruperto"]
[Black "Crocioni, Luca"]
[Result "0-1"]
[WhiteElo "1285"]
[BlackElo "1119"]
[PlyCount "92"]

1. d4 Nf6 2. Nf3 d5 3. Bf4 Bf5 4. e3 h6 5. c3 e6 6. Bd3 Be4 7. O-O Bd6 8. Bg3
c6 9. Bxe4 Nxe4 10. Bxd6 Qxd6 11. Nbd2 Nf6 12. Re1 Nbd7 13. e4 dxe4 14. Nxe4
Nxe4 15. Rxe4 Nf6 16. Re1 O-O 17. Ne5 Rad8 18. Qb3 Qc7 19. Qd1 c5 20. Rc1 c4
21. Re3 Nd5 22. Rg3 Nf4 23. Ng4 Ng6 24. Qd2 Qf4 25. Qxf4 Nxf4 26. Nxh6+ Kh7 27.
Ng4 Ne2+ 28. Kf1 Nxc1 29. Ne5 g6 30. Nxc4 Nxa2 31. Ne5 Kg7 32. Ke1 a5 33. Kd2
a4 34. Kc2 a3 35. bxa3 Ra8 36. Kb3 Nc1+ 37. Kb2 Ne2 38. Re3 Nxc3 39. Rxc3 Rfd8
40. Rc7 Rxd4 41. Rxf7+ Kg8 42. Rxb7 Rd2+ 43. Kb3 Rxf2 44. Nd7 Rxg2 45. Nf6+ Kf8
46. Ra7 Rxa7 0-1

[Event "Tournoi Skype 030B"]
[Site "Skype"]
[Date "????.??.??"]
[Round "6.18"]
[White "Cengiz, Ali Ekber"]
[Black "Rivalta, Paolo"]
[Result "1-0"]
[WhiteElo "1281"]
[BlackElo "1142"]
[PlyCount "71"]

1. e4 e5 2. Nf3 Nc6 3. Bc4 h6 4. Nc3 Nf6 5. d3 Bc5 6. h3 O-O 7. O-O d6 8. Ne2
Bd7 9. c3 a6 10. a3 b5 11. Ba2 Qe7 12. b4 Bb6 13. Bb2 a5 14. Qc2 axb4 15. axb4
Be6 16. Bxe6 Qxe6 17. Ng3 d5 18. exd5 Qxd5 19. Nf5 e4 20. c4 Qxd3 21. Qxd3 exd3
22. c5 Ba7 23. Bxf6 gxf6 24. Rfb1 Kh7 25. Ra6 Rad8 26. Rxc6 d2 27. Rd1 Bb8 28.
Rxf6 Rd3 29. Rxh6+ Kg8 30. Kf1 Rfd8 31. Ke2 Rb3 32. Ne5 Rxb4 33. Nc6 Re4+ 34.
Ne3 Rde8 35. Rxd2 Rxe3+ 36. fxe3 1-0

[Event "Tournoi Skype 030B"]
[Site "Skype"]
[Date "????.??.??"]
[Round "6.19"]
[White "Yanez, Leticia Jorgelina"]
[Black "Prieto, Jairo Ovidio"]
[Result "0-1"]
[WhiteElo "1120"]
[BlackElo "1277"]
[PlyCount "74"]

1. e4 e6 2. d4 d5 3. e5 c5 4. Be3 Qb6 5. Qc1 cxd4 6. Bf4 Bc5 7. Bd3 Nc6 8. Nf3
h6 9. a3 a6 10. O-O Qc7 11. Re1 b5 12. c3 dxc3 13. bxc3 Na5 14. Nbd2 Qb6 15.
Be3 Bxe3 16. fxe3 Ne7 17. Qc2 Nac6 18. Nf1 Qc7 19. e4 Bb7 20. Ng3 O-O 21. exd5
Nxd5 22. Bh7+ Kh8 23. Qe4 Nde7 24. Qh4 Kxh7 25. Ng5+ Kg8 26. Re4 Ng6 27. Qh5
Ncxe5 28. Rf1 Bxe4 29. N5xe4 f5 30. Nxf5 exf5 31. Rxf5 Rxf5 32. Qxf5 Rf8 33.
Nf6+ Rxf6 34. Qb1 Ng4 35. g3 Qc5+ 36. Kg2 Qc6+ 37. Kh3 Nf2# 0-1

[Event "Tournoi Skype 030B"]
[Site "Skype"]
[Date "????.??.??"]
[Round "6.20"]
[White "Sosa, Juan Carlos"]
[Black "Gomez Caballero, Blas"]
[Result "0-1"]
[WhiteElo "1276"]
[BlackElo "1133"]
[PlyCount "134"]

1. d4 d5 2. Nc3 e6 3. Bf4 Bd6 4. Bxd6 Qxd6 5. e3 a6 6. a3 Nf6 7. Nf3 Nc6 8. Bd3
O-O 9. O-O Re8 10. e4 e5 11. Re1 exd4 12. Nxd5 Bg4 13. Nxf6+ Qxf6 14. h3 Bxf3
15. Qxf3 Qxf3 16. gxf3 Ne5 17. Be2 Rad8 18. Rad1 Ng6 19. Kg2 Re6 20. c3 c5 21.
b4 b6 22. bxc5 bxc5 23. Kg3 Red6 24. Bc4 dxc3 25. Rc1 Ne5 26. Bd5 Nd3 27. Rxc3
Nxe1 28. Rxc5 Rg6+ 29. Kf4 Nd3+ 30. Kf5 Nxc5 31. h4 Rf6+ 32. Kg4 Nxe4 33. fxe4
g6 34. f4 Kg7 35. a4 h6 36. a5 Rb8 37. e5 Rb5 38. exf6+ Kxf6 39. Bc4 Rxa5 40.
Bd3 Ra3 41. Be2 a5 42. h5 gxh5+ 43. Kxh5 Kg7 44. f5 f6 45. Kg4 a4 46. Bb5 Ra1
47. Kf4 a3 48. Ke3 h5 49. Kd3 h4 50. Kc3 h3 51. Bc4 h2 52. Bd5 h1=Q 53. Bxh1
Rxh1 54. Kb3 Rh3+ 55. Ka2 Kh6 56. Ka1 Kg5 57. Ka2 Kxf5 58. Ka1 Rh2 59. Kb1 Ke5
60. Ka1 f5 61. Kb1 f4 62. Ka1 f3 63. Kb1 Rh3 64. Ka1 f2 65. Ka2 Rd3 66. Ka1 Rd2
67. Kb1 f1=Q# 0-1

[Event "Tournoi Skype 030B"]
[Site "Skype"]
[Date "????.??.??"]
[Round "6.21"]
[White "Guillaume, Mickael"]
[Black "Bucherie, Volcy"]
[Result "1-0"]
[WhiteElo "1106"]
[BlackElo "1274"]
[PlyCount "99"]

1. e4 c6 2. d4 d5 3. e5 Bf5 4. Bd3 Bxd3 5. Qxd3 e6 6. Nf3 Nd7 7. O-O c5 8. c3
c4 9. Qc2 g6 10. b3 Bg7 11. bxc4 Ne7 12. cxd5 Nxd5 13. c4 Nb4 14. Qe4 O-O 15.
Ba3 a5 16. Nc3 Nb6 17. Rab1 Nxc4 18. Bxb4 axb4 19. Rxb4 Na5 20. Nb5 Nc6 21. Rb2
f5 22. Qc2 Nxd4 23. Nbxd4 Qd5 24. Re1 Rfc8 25. Qb1 Rc4 26. Rxb7 Rxd4 27. Rb8+
Rxb8 28. Qxb8+ Kf7 29. Nxd4 Bxe5 30. Qa7+ Kf6 31. Nf3 Bc3 32. Rc1 Bd2 33. Rd1
Qe4 34. Qd4+ e5 35. Qxe4 fxe4 36. Nxd2 Kf5 37. a4 Kf4 38. a5 e3 39. fxe3+ Kxe3
40. a6 e4 41. a7 Kd3 42. a8=Q e3 43. Qd8+ Kc2 44. Nf3 e2 45. Qd2+ Kb3 46. Nd4+
Kc4 47. Nxe2 h5 48. Qc3+ Kb5 49. Rb1+ Ka6 50. Qa1# 1-0

[Event "Tournoi Skype 030B"]
[Site "Skype"]
[Date "????.??.??"]
[Round "6.22"]
[White "Conde, Ramon"]
[Black "Le Bouill, Pierre"]
[Result "1-0"]
[WhiteElo "1104"]
[BlackElo "1260"]
[PlyCount "67"]

1. e4 d5 2. exd5 Qxd5 3. Nc3 Qa5 4. d4 c6 5. Nf3 Nf6 6. Bd3 e6 7. O-O Be7 8.
Bd2 O-O 9. Ne4 Qc7 10. c3 Nbd7 11. Qc2 g6 12. Rfe1 Re8 13. Nxf6+ Bxf6 14. Re2
b6 15. Rae1 Nf8 16. g3 Bb7 17. Bf4 Qd7 18. Ne5 Bxe5 19. Bxe5 c5 20. Qd2 f6 21.
Bxf6 Qf7 22. Qf4 Nd7 23. Bg5 cxd4 24. Qxd4 Rac8 25. Be4 Ba6 26. Rd2 Rc5 27.
Qxd7 Qxd7 28. Rxd7 Rxg5 29. Rxa7 Bb5 30. Rd1 Kf8 31. b3 Be2 32. Rad7 Bb5 33.
Rf7+ Kg8 34. Rg7+ 1-0

[Event "Tournoi Skype 030B"]
[Site "Skype"]
[Date "????.??.??"]
[Round "6.23"]
[White "Huerta Lopez, Cesar Rogelio"]
[Black "Sanchez Padilla, Armando Edilber"]
[Result "0-1"]
[WhiteElo "1097"]
[BlackElo "1225"]
[PlyCount "90"]

1. e4 e5 2. Nf3 Nc6 3. Bc4 a6 4. O-O h6 5. d3 Be7 6. Nc3 Nf6 7. Be3 O-O 8. Bd5
d6 9. a3 Bg4 10. b4 Qd7 11. Qd2 b5 12. Nh4 Nxd5 13. Nxd5 Bxh4 14. g3 Bd8 15.
Rac1 Bf3 16. Bxh6 Qh3 17. Ne3 Qxh6 18. c3 Bg5 19. Rc2 Qh3 20. Re1 Kh7 21. d4
Rh8 22. Qe2 Bxe2 23. Rexe2 Kg8 24. f3 Bxe3+ 25. Rxe3 exd4 26. cxd4 Nxd4 27. Rf2
Re8 28. Rg2 Nf5 29. Rc3 Nd4 30. Rd3 c5 31. bxc5 dxc5 32. Rf2 Ne2+ 33. Rxe2 c4
34. Rc3 Rd8 35. Rc1 Rd3 36. Rf1 Rxa3 37. e5 b4 38. Ref2 b3 39. f4 Ra2 40. Rb1
Rxf2 41. Kxf2 Qxh2+ 42. Kf3 Rh3 43. Ke4 Rxg3 44. Kd5 b2 45. Kxc4 Qc2+ 0-1

[Event "Tournoi Skype 030B"]
[Site "Skype"]
[Date "????.??.??"]
[Round "6.25"]
[White "Quiel, Aristoteles"]
[Black "Ruiz Aguilera, Juan Jesus"]
[Result "1/2-1/2"]
[WhiteElo "1196"]
[BlackElo "1102"]
[PlyCount "153"]

1. d4 Nf6 2. c4 e6 3. Nc3 d5 4. Nf3 Nbd7 5. Bg5 Bb4 6. e3 Bxc3+ 7. bxc3 h6 8.
Bf4 g5 9. Be5 g4 10. Nh4 dxc4 11. Bxc4 Nxe5 12. dxe5 Qxd1+ 13. Rxd1 Ne4 14. Rc1
O-O 15. Ke2 Rd8 16. Bd3 Nxf2 17. Kxf2 Rxd3 18. Rhd1 Rd5 19. Rxd5 exd5 20. Rd1
Be6 21. a3 Rd8 22. c4 d4 23. exd4 Bxc4 24. Nf5 Kh7 25. Ne3 Be6 26. d5 Bd7 27.
e6 fxe6 28. dxe6 Rf8+ 29. Kg1 Bxe6 30. Rd4 Kg6 31. Nxg4 h5 32. Ne5+ Kf5 33. Nf3
a5 34. g3 Kf6 35. Rh4 Bg4 36. Kf2 Ke6 37. Ke1 Rxf3 38. h3 Bf5 39. Rxh5 Re3+ 40.
Kf2 Rxa3 41. Rh6+ Ke5 42. h4 Ra2+ 43. Kf3 Ra3+ 44. Kf2 Rd3 45. Rh5 Rd2+ 46. Kf3
Rd3+ 47. Kf2 Rd4 48. Kf3 Re4 49. g4 Rxg4 50. Rh8 Rf4+ 51. Kg3 Rg4+ 52. Kf3 Be6
53. h5 Rf4+ 54. Ke3 Re4+ 55. Kf3 Bg4+ 56. Kg3 Bd7 57. Rh7 Rg4+ 58. Kf3 Rf4+ 59.
Ke3 Re4+ 60. Kf3 Rd4 61. Ke3 c5 62. h6 Bf5 63. Re7+ Kd6 64. Rxb7 Re4+ 65. Kf3
Rb4 66. Rf7 Ke6 67. Ra7 a4 68. h7 Bxh7 69. Rxh7 a3 70. Ra7 Rb3+ 71. Ke4 c4 72.
Kd4 c3 73. Kd3 Kd5 74. Ra4 Kc5 75. Kc2 Rb2+ 76. Kxc3 Kb5 77. Rxa3 1/2-1/2

[Event "Tournoi Skype 030B"]
[Site "Skype"]
[Date "????.??.??"]
[Round "6.27"]
[White "Llabres, Sergio"]
[Black "Bustos, Elias Ezequiel"]
[Result "1-0"]
[WhiteElo "1176"]
[BlackElo "1000"]
[PlyCount "101"]

1. d4 Nf6 2. Nf3 d5 3. e3 c5 4. b3 Bf5 5. Bd3 Bxd3 6. cxd3 cxd4 7. Nxd4 e6 8.
Nf3 Nbd7 9. d4 Be7 10. Bb2 O-O 11. O-O Re8 12. Nbd2 Rc8 13. Rc1 Rxc1 14. Qxc1
Qc8 15. Qb1 Qc6 16. Ne5 Nxe5 17. dxe5 Nd7 18. Nf3 Qa6 19. Rc1 Nb8 20. a4 Nc6
21. h3 Nb4 22. Rc3 Nc6 23. Rc2 Bb4 24. Ng5 Qd3 25. Ba1 Na5 26. Bd4 Nxb3 27.
Bxa7 Be7 28. Nf3 Na1 29. Rc1 Qxb1 30. Rxb1 Nc2 31. Rxb7 f5 32. exf6 Bxf6 33. a5
Rc8 34. Bd4 Nxd4 35. Nxd4 Rc1+ 36. Kh2 e5 37. Nf3 d4 38. exd4 exd4 39. a6 d3
40. a7 Ra1 41. Rb8+ Kf7 42. a8=Q Rxa8 43. Rxa8 Ke6 44. Ra6+ Kf5 45. Ra4 g5 46.
Nd2 h6 47. Ra3 g4 48. hxg4+ Kxg4 49. Rxd3 h5 50. Rg3+ Kh4 51. Nf3# 1-0

[Event "Tournoi Skype 030B"]
[Site "Skype"]
[Date "????.??.??"]
[Round "6.28"]
[White "Nicolini, Francesco"]
[Black "Wenckstern, Roberto"]
[Result "1-0"]
[WhiteElo "1176"]
[BlackElo "1000"]
[PlyCount "77"]

1. e4 c5 2. Nf3 Nc6 3. Bb5 g6 4. b3 Bg7 5. Nc3 d6 6. Bxc6+ bxc6 7. Bb2 Nh6 8.
O-O e5 9. Rb1 O-O 10. Ne2 Bg4 11. Ne1 Bh5 12. c4 Qd7 13. h3 f5 14. d3 f4 15. f3
d5 16. cxd5 cxd5 17. Nc3 dxe4 18. dxe4 Rf7 19. Qxd7 Rxd7 20. Nd5 Nf7 21. Nd3
Rc8 22. Rbc1 c4 23. Rxc4 Rxc4 24. bxc4 Rb7 25. Ba1 Nd6 26. Rc1 Nxc4 27. Bc3 g5
28. Bb4 Bf8 29. Rxc4 Bxb4 30. N3xb4 Bf7 31. a3 a5 32. Nd3 Rb3 33. Nxe5 Bxd5 34.
exd5 Rb5 35. Rd4 Kg7 36. d6 Rxe5 37. d7 Kf7 38. d8=Q Re8 39. Rd7+ 1-0

[Event "Tournoi Skype 030B"]
[Site "Skype"]
[Date "????.??.??"]
[Round "6.29"]
[White "Radice, Marco"]
[Black "Conde, Carmen"]
[Result "0-1"]
[WhiteElo "1000"]
[BlackElo "1166"]
[PlyCount "78"]

1. d4 d5 2. Bf4 Bf5 3. Nf3 c5 4. c3 e6 5. e3 Bd6 6. Be2 Bxf4 7. exf4 Nf6 8.
Nbd2 Nbd7 9. O-O O-O 10. c4 dxc4 11. Nxc4 cxd4 12. Nxd4 Bg6 13. Bf3 Rb8 14. Nd6
Nc5 15. f5 exf5 16. N6xf5 Ne6 17. Re1 Nxd4 18. Qxd4 Bxf5 19. Rad1 Qxd4 20. Rxd4
b6 21. h3 Rbc8 22. Bb7 Rc2 23. Ba6 Rxb2 24. a4 h6 25. Rc4 Ne4 26. g4 Bg6 27.
Rc7 Rxf2 28. Rxe4 Ra2 29. Rb4 Rd8 30. Rc1 Rdd2 31. Bb7 Rh2 32. Rf1 Rxh3 33. Bd5
Rg3+ 34. Kh1 Rd2 35. Rbf4 Rxd5 36. Kh2 Rgd3 37. Re1 Rd2+ 38. Kh3 R5d3+ 39. Kh4
Rh2# 0-1

[Event "Tournoi Skype 030B"]
[Site "Skype"]
[Date "????.??.??"]
[Round "6.30"]
[White "Linares Vernet, Ana"]
[Black "Vincent, Andre"]
[Result "1/2-1/2"]
[WhiteElo "1140"]
[BlackElo "1332"]
[PlyCount "51"]

1. e4 c5 2. c4 d6 3. Nf3 Nf6 4. Nc3 g6 5. d3 Bg7 6. Be2 O-O 7. O-O e5 8. Rb1 a6
9. Bd2 Nbd7 10. Qc1 Nb6 11. Bh6 Re8 12. b3 Be6 13. Bxg7 Kxg7 14. Ng5 Qd7 15.
Nxe6+ Qxe6 16. Bf3 Qe7 17. Qc2 Nbd7 18. Nd5 Nxd5 19. cxd5 Rac8 20. Qb2 Nf6 21.
Rfe1 h5 22. h4 Nh7 23. g3 Nf6 24. Qe2 Qd7 25. Kg2 Rh8 26. Rh1 1/2-1/2

[Event "Tournoi Skype 030B"]
[Site "Skype"]
[Date "????.??.??"]
[Round "6.31"]
[White "Baker, Abi"]
[Black "Vervoort, Jean-Louis"]
[Result "1-0"]
[WhiteElo "1023"]
[BlackElo "1273"]
[PlyCount "65"]

1. c4 e5 2. Nc3 Bc5 3. Ne4 b6 4. g3 Bb7 5. Bg2 Nc6 6. Qb3 Rb8 7. d3 Nf6 8. Bg5
O-O 9. O-O-O Be7 10. h4 Nxe4 11. Bxe4 Bxg5+ 12. hxg5 Qxg5+ 13. f4 Qxg3 14.
Bxh7+ Kh8 15. Bf5+ Kg8 16. Nh3 Qe3+ 17. Kb1 Nd4 18. Qa4 Bxh1 19. Rxh1 Nxf5 20.
Qxd7 Ng3 21. Rh2 Qg1+ 22. Nxg1 Rfd8 23. Qh3 Kf8 24. Qh8+ Ke7 25. Qh4+ f6 26.
Qxg3 e4 27. Qxg7+ Ke6 28. Qg4+ f5 29. Rh6+ Ke7 30. Qg5+ Kd7 31. Qxf5+ Ke8 32.
Qxe4+ Kd7 33. Qe6# 1-0

[Event "Tournoi Skype 030B"]
[Site "Skype"]
[Date "????.??.??"]
[Round "6.32"]
[White "Hernandez Monzon, Alejandro"]
[Black "De Coninck, Philippe"]
[Result "0-1"]
[WhiteElo "1242"]
[BlackElo "1173"]
[PlyCount "80"]

1. d4 e5 2. dxe5 Nc6 3. Nf3 Qe7 4. Bf4 Qb4+ 5. Bd2 Qxb2 6. Nc3 Nb4 7. Rc1 Nxa2
8. Nxa2 Qxa2 9. e3 Ne7 10. c4 Qa6 11. Be2 Ng6 12. Bc3 Qe6 13. O-O Be7 14. Nd4
Qxe5 15. Nc6 Qe6 16. Nxe7 Qxe7 17. Bxg7 Rg8 18. Bb2 b6 19. Bf3 Rb8 20. Qa4 a6
21. Ba3 c5 22. Qc2 d6 23. e4 Nh4 24. Qd3 Nxf3+ 25. Qxf3 Bg4 26. Qg3 Kd7 27. Qd3
Qg5 28. g3 Bh3 29. Rfe1 Rbe8 30. Rcd1 Qe5 31. Bb2 Qxb2 32. Qxd6+ Kc8 33. Qc6+
Kb8 34. Rb1 Re6 35. Qd7 Qd4 36. Qxf7 Rge8 37. Qxh7 Rh8 38. Qf7 Rf6 39. Qg7
Qxf2+ 40. Kh1 Qg2# 0-1

[Event "Tournoi Skype 030B"]
[Site "Skype"]
[Date "????.??.??"]
[Round "6.33"]
[White "Malbec, Robert"]
[Black "Rodriguez, Nathalie"]
[Result "1-0"]
[WhiteElo "1223"]
[BlackElo "1127"]
[PlyCount "97"]

1. e4 e5 2. Nf3 Nc6 3. Bc4 h6 4. c3 Bc5 5. d4 exd4 6. cxd4 Bb6 7. Nc3 d6 8. h3
Nf6 9. O-O a6 10. Bf4 O-O 11. Re1 Be6 12. d5 Na5 13. dxe6 Nxc4 14. exf7+ Rxf7
15. Qb3 Na5 16. Qd1 Nd7 17. Bg3 Nc6 18. Bh4 Qe8 19. Nd5 Qe6 20. Nxb6 cxb6 21.
Nd4 Nxd4 22. Qxd4 Raf8 23. Re2 b5 24. b3 Ne5 25. Bg3 Rf6 26. Rd1 Qf7 27. Qd5
Qxd5 28. Rxd5 b4 29. Bxe5 dxe5 30. Rxe5 Kh7 31. Rc5 Kg6 32. e5 Re6 33. Rd5 Rfe8
34. Kf1 Kf5 35. g4+ Kg6 36. Rd6 Kf7 37. Rd7+ R8e7 38. Rxe7+ Kxe7 39. Kg2 Kf7
40. f4 Rc6 41. f5 Ke7 42. Kg3 Rc3+ 43. Kh4 Rc6 44. e6 Rc1 45. Kh5 Rh1 46. Kh4
a5 47. Rc2 b6 48. Rc7+ Kf6 49. e7 1-0

[Event "Tournoi Skype 030B"]
[Site "Skype"]
[Date "????.??.??"]
[Round "6.34"]
[White "Moraga Vasquez, Michael"]
[Black "Homme, Jim"]
[Result "1-0"]
[WhiteElo "1206"]
[BlackElo "1100"]
[PlyCount "27"]

1. e4 e5 2. Nf3 Nc6 3. Bb5 a6 4. Ba4 b5 5. Bb3 Nf6 6. O-O Nxe4 7. d4 Nf6 8.
dxe5 Ne4 9. Qd5 Qe7 10. Qxe4 Bb7 11. Nc3 O-O-O 12. Nd5 Qe6 13. Nb6+ Kb8 14.
Bxe6 1-0

[Event "Tournoi Skype 030B"]
[Site "Skype"]
[Date "????.??.??"]
[Round "6.35"]
[White "Milanese, Serge"]
[Black "Barajas, Nestor"]
[Result "0-1"]
[WhiteElo "1202"]
[BlackElo "1007"]
[PlyCount "74"]

1. d4 Nf6 2. Bf4 d5 3. e3 e6 4. Be2 Be7 5. Nd2 O-O 6. Ngf3 Nc6 7. Ne5 Nxe5 8.
Bxe5 b6 9. c3 Bd6 10. f4 Bxe5 11. dxe5 Nd7 12. Nf3 Re8 13. Qc2 Nf8 14. Bd3 f5
15. g4 Bd7 16. O-O-O Ng6 17. h4 Ne7 18. g5 c5 19. c4 Bc6 20. Be2 Qc7 21. h5
dxc4 22. Rh3 Nd5 23. Nd2 Nb4 24. Qxc4 Bd5 25. Bf3 Bxc4 26. Bxa8 Rxa8 27. Nxc4
Nxa2+ 28. Kc2 Nb4+ 29. Kc3 Nd5+ 30. Kd3 b5 31. Nd6 c4+ 32. Ke2 c3 33. Rc1 Qa5
34. Kf3 cxb2 35. Rb1 Qa2 36. Rhh1 Nc3 37. Rbe1 b1=Q 0-1

[Event "Tournoi Skype 030B"]
[Site "Skype"]
[Date "????.??.??"]
[Round "6.36"]
[White "Trapletti, Cosetta"]
[Black "Colangelo, Michele"]
[Result "1-0"]
[WhiteElo "1000"]
[BlackElo "1189"]
[PlyCount "71"]

1. d4 d5 2. Bf4 Nf6 3. c3 e6 4. e3 a6 5. Bd3 b5 6. Nf3 Nc6 7. O-O Bb7 8. Nbd2
Be7 9. a3 O-O 10. Qc2 Bd6 11. b4 Bxf4 12. exf4 Qd6 13. Ne5 Rad8 14. a4 Na7 15.
Rab1 c6 16. axb5 cxb5 17. Ra1 Nd7 18. Ndf3 f6 19. Bxh7+ Kh8 20. Ng6+ Kxh7 21.
Nxf8+ Kg8 22. Ng6 Nf8 23. Nfe5 fxe5 24. fxe5 Qd7 25. Rfe1 Nxg6 26. Qxg6 Rf8 27.
Re3 Qf7 28. Qg3 Qh5 29. f3 Rf5 30. Rf1 Rg5 31. Qf4 Nc8 32. h4 Rg6 33. Re2 Rf6
34. Qg3 Ne7 35. Qg5 Qh7 36. exf6 1-0

[Event "Tournoi Skype 030B"]
[Site "Skype"]
[Date "????.??.??"]
[Round "6.38"]
[White "Codina, Teresa"]
[Black "Baratta, Giuseppe"]
[Result "1-0"]
[WhiteElo "1310"]
[BlackElo "1000"]
[PlyCount "55"]

1. d4 d5 2. Nf3 Bf5 3. e3 e6 4. Bd3 Ne7 5. Bxf5 Nxf5 6. c3 c5 7. O-O Bd6 8. b3
Qc7 9. dxc5 Bxc5 10. Bb2 Nxe3 11. fxe3 Bxe3+ 12. Kh1 O-O 13. Na3 Nd7 14. Nc2
Qb6 15. Bc1 Bxc1 16. Rxc1 Nf6 17. Ncd4 e5 18. Nxe5 Rae8 19. Re1 Nd7 20. Nxd7
Qd6 21. Nxf8 Kxf8 22. Rxe8+ Kxe8 23. Qe2+ Qe7 24. Re1 Qxe2 25. Rxe2+ Kd7 26.
Re5 Kd6 27. Rf5 g6 28. Rxf7 1-0

[Event "Tournoi Skype 030B"]
[Site "Skype"]
[Date "????.??.??"]
[Round "6.39"]
[White "Franco Flores, Ximena"]
[Black "Jones, Malcolm"]
[Result "0-1"]
[WhiteElo "1000"]
[BlackElo "1240"]
[PlyCount "70"]

1. e4 d6 2. d4 Nf6 3. Nc3 c6 4. Nf3 Nbd7 5. Bc4 h6 6. a4 e5 7. dxe5 dxe5 8. h3
Be7 9. Be3 Qc7 10. Qd2 Nf8 11. Rd1 Bd7 12. O-O g5 13. Nxe5 Qxe5 14. f4 Qc7 15.
fxg5 hxg5 16. Bxg5 Rd8 17. Bxf6 Bxh3 18. Qg5 Bxg2 19. Qxg2 Bxf6 20. Rxf6 Rxd1+
21. Nxd1 Rh7 22. Ne3 Qe5 23. Ng4 Qd4+ 24. Qf2 Qxc4 25. b3 Qc3 26. Nh6 Rg7+ 27.
Kf1 Qa1+ 28. Ke2 Qb2 29. Kd2 Rg2 30. Re6+ Nxe6 31. Qxg2 Qd4+ 32. Ke2 Nf4+ 33.
Kf3 Nxg2 34. Kxg2 Qxe4+ 35. Kg3 Qe3+ 0-1

[Event "Tournoi Skype 030B"]
[Site "Skype"]
[Date "????.??.??"]
[Round "6.40"]
[White "Conde, Abigail"]
[Black "Garcia Arzola, Antonio"]
[Result "0-1"]
[WhiteElo "1234"]
[BlackElo "1000"]
[PlyCount "58"]

1. f4 Nf6 2. e3 g6 3. Nc3 Bg7 4. b3 d6 5. h3 Nbd7 6. Nf3 O-O 7. Bd3 Re8 8. Bb2
e5 9. fxe5 dxe5 10. Be4 c5 11. Nb5 Nxe4 12. O-O a6 13. Na3 b5 14. c3 Bb7 15.
Qe1 Rc8 16. Rd1 c4 17. b4 Ndf6 18. Nh4 Ng5 19. Qe2 Qd7 20. Rf2 Nfe4 21. Qg4 Qd3
22. Re2 h5 23. Qxc8 Bxc8 24. Ree1 Nxh3+ 25. gxh3 Bxh3 26. Kh2 Nf2 27. Rc1 Qe4
28. Rg1 Qxh4 29. Nc2 Bf1# 0-1

[Event "Tournoi Skype 030B"]
[Site "Skype"]
[Date "????.??.??"]
[Round "6.41"]
[White "Jacinto Sebastian, Carlos Ivan"]
[Black "Busto, Ricardo"]
[Result "0-1"]
[WhiteElo "1000"]
[BlackElo "1198"]
[PlyCount "94"]

1. e4 c5 2. Bc4 e6 3. d3 Nc6 4. Nf3 d6 5. c3 d5 6. Bb3 dxe4 7. dxe4 Qxd1+ 8.
Kxd1 Nf6 9. Nbd2 Be7 10. Ng5 h6 11. Nh3 e5 12. Nc4 Nxe4 13. f3 Nf6 14. Be3 O-O
15. Kc2 Bf5+ 16. Kc1 Be6 17. Re1 Rfe8 18. g4 Nd5 19. Bf2 Nf4 20. Ng1 Nd3+ 21.
Kd2 Nxe1 22. Rd1 Nxf3+ 23. Nxf3 Bxg4 24. Ncxe5 Nxe5 25. Nxe5 Bxd1 26. Bxf7+ Kh7
27. Kxd1 Red8+ 28. Kc2 Bd6 29. Bg6+ Kg8 30. Nf7 Rd7 31. Nxd6 Rxd6 32. Bxc5 Rxg6
33. b4 Rg2+ 34. Kb3 Rxh2 35. a4 Rh1 36. a5 Kf7 37. Bd4 g5 38. c4 Rh3+ 39. Ka4
Ke6 40. Bg7 g4 41. a6 b6 42. Bd4 Kd6 43. c5+ bxc5 44. Bxc5+ Kc6 45. b5+ Kxc5
46. Ka5 g3 47. b6 axb6+ 0-1

[Event "Tournoi Skype 030B"]
[Site "Skype"]
[Date "????.??.??"]
[Round "6.42"]
[White "Ortis, Yves"]
[Black "Koohnavard, Neda"]
[Result "0-1"]
[WhiteElo "1148"]
[BlackElo "1000"]
[PlyCount "100"]

1. c4 e5 2. d4 d6 3. Nc3 Nc6 4. Nf3 b6 5. g3 Bb7 6. Bg2 Nxd4 7. Nxd4 Bxg2 8.
Rg1 Bh3 9. Nf3 Be7 10. Qc2 h6 11. Nd5 Bf8 12. Qa4+ Bd7 13. Qc2 Nf6 14. Nxf6+
Qxf6 15. Be3 Be7 16. O-O-O Bc6 17. Nd2 O-O-O 18. Ne4 Qg6 19. f3 d5 20. cxd5
Bxd5 21. Qa4 a5 22. Qb5 Bxa2 23. Qa6+ Kb8 24. Qb5 Kb7 25. Qa4 Qc6+ 26. Nc3 Qxa4
27. Nxa4 Rd6 28. Nc3 Bc4 29. Rge1 Rhd8 30. Kc2 Rc6 31. b3 Rxd1 32. Nxd1 Bxe2+
33. Nc3 Bxf3 34. Bf2 Bb4 35. Rxe5 Bxc3 36. Re3 Bd4+ 37. Kd2 Bxe3+ 38. Kxe3 Rc3+
39. Kd2 Rxb3 40. Kc2 Rb5 41. Bd4 h5 42. Bxg7 f5 43. Kd3 c5 44. Kd2 Rb4 45. Kc1
f4 46. gxf4 Rxf4 47. Be5 Re4 48. Bg3 h4 49. Bf2 Re2 50. Bxh4 Rxh2 0-1

[Event "Tournoi Skype 030B"]
[Site "Skype"]
[Date "????.??.??"]
[Round "6.43"]
[White "Marroquin Mayhua, Silvia"]
[Black "Abate, Luigi"]
[Result "0-1"]
[WhiteElo "1000"]
[BlackElo "1119"]
[PlyCount "52"]

1. e4 e5 2. Bc4 Nf6 3. Nc3 b6 4. a4 Bb7 5. d3 Bc5 6. Qe2 Nc6 7. Nf3 Nd4 8. Qd2
d6 9. b4 Bxb4 10. Nxd4 exd4 11. Ba3 Bxc3 12. Qxc3 dxc3 13. O-O O-O 14. Rfe1 Re8
15. Bb4 d5 16. Bb5 c6 17. f3 cxb5 18. axb5 a5 19. Bxc3 Rc8 20. Bd4 Rxc2 21. Kf1
dxe4 22. Ra4 exf3 23. Rxe8+ Qxe8 24. h4 Ng4 25. Bxb6 Qe2+ 26. Kg1 Qe1# 0-1